A Rendőrség létszám-és bérgazdálkodása, illetményrendszerének felépítése

Bibliographic Details
Main Author: Kővári katalin
Other Authors: Krajcsák Dr. Zoltán
Format: Project work
Kulcsszavak:Rendőrség
illetményrendszer
Bérgazdálkodás
Létszám és bérgazdálkodás
Online Access:http://dolgozattar.uni-bge.hu/11060

MARC

LEADER 00000nnm a2200000 i 4500
001 dolg11060
005 20170512133957.0
008 170512suuuu hu o 000 hun d
040 |a BGE Dolgozattár Repozitórium  |b hun 
041 |a hu 
100 1 |a Kővári katalin 
245 1 2 |a A Rendőrség létszám-és bérgazdálkodása, illetményrendszerének felépítése  |c Kővári katalin  |h [elektronikus dokumentum] 
516 |a Project_work 
695 |a Rendőrség 
695 |a illetményrendszer 
695 |a Bérgazdálkodás 
695 |a Létszám és bérgazdálkodás 
700 1 |a Krajcsák Dr. Zoltán  |e ths 
856 4 0 |u http://dolgozattar.uni-bge.hu/11060/1/Z%C3%A1r%C3%B3dolgozat.pdf  |z Dokumentum-elérés